000 00591nam a2200217Ia 4500
003 OSt
005 20220928144910.0
006 a|||||r|||| 00| 0
007 ta
008 220927b |||||||| |||| 00| 0 eng d
024 _a76765
037 _cTextual
040 _aSDCL
_cSDCL
_beng
041 _2eng
_aeng
082 _aX:99B,7D.53'N7, M2
100 _aDeangelis Richard A
_9510224
245 0 _aBlue- Collar workers and politics
_b A French paradox.
260 _c1982
942 _hX:99B,7D.53'N7, M2
_cTEXL
_2CC
999 _c830283
_d830283